Les criminels et leurs grâces : qui vive? Qui meurt? /
Guardado en:
| Autor Principal: | |
|---|---|
| Formato: | Libro |
| Idioma: | Spanish |
| Publicado: |
Paris :
E. Dentu,
1888
|
| Edición: | 1a. ed. |
| Materias: | |
| Etiquetas: |
Agregar Etiqueta
Sin Etiquetas, Sea el primero en etiquetar este registro!
|
| LEADER | 00432nam a22001455a 4500 | ||
|---|---|---|---|
| 001 | DER.der012315 | ||
| 008 | 180615s1888####|||||||||||||||||#||spa|| | ||
| 005 | 20251210143345.0 | ||
| 245 | 1 | 0 | |a Les criminels et leurs grâces : |b qui vive? Qui meurt? / |c Charles Desmaze. |
| 250 | |a 1a. ed. | ||
| 260 | |a Paris : |b E. Dentu, |c 1888 | ||
| 300 | |a 296 p. | ||
| 100 | 1 | |a Desmaze, Charles | |
| 650 | 7 | |a CRIMINOLOGÍA | |
| 859 | |a DERECHO |b BIB. DERECHO |h 364 |i DES |p 007106 | ||
